East African explorers / (Record no. 13245)

MARC details
000 -LEADER
fixed length control field 00610nam a22001932 4500
001 - CONTROL NUMBER
control field 0000009716
005 - DATE AND TIME OF LATEST TRANSACTION
control field 20151217155842.0
008 - FIXED-LENGTH DATA ELEMENTS--GENERAL INFORMATION
fixed length control field 081119s xx 000 0 eng d
040 ## - CATALOGING SOURCE
Original cataloging agency KABU
Transcribing agency KABU
100 1# - MAIN ENTRY--PERSONAL NAME
Personal name Richards, Charles.
-- 0000148677
245 10 - TITLE STATEMENT
Title East African explorers /
Statement of responsibility, etc. selected and introduced by Charles Richards and James Place.
250 ## - EDITION STATEMENT
Edition statement 1st ed.
260 ## - PUBLICATION, DISTRIBUTION, ETC. (IMPRINT)
Place of publication, distribution, etc. London :
Name of publisher, distributor, etc. O. U. P.,
Date of publication, distribution, etc. 1960.
300 ## - PHYSICAL DESCRIPTION
Extent 356 p.
651 #0 - SUBJECT ADDED ENTRY--GEOGRAPHIC NAME
Geographic name Africa, East
General subdivision Discoveries and exploration.
-- 0000161470
852 1# - LOCATION
-- p100 KES
908 ## - PUT COMMAND PARAMETER (RLIN)
Put command parameter 081119
950 ## - LOCAL HOLDINGS (RLIN)
-- 1
Holdings
Withdrawn status Lost status Source of classification or shelving scheme Not for loan Home library Current library Date acquired Total Checkouts Full call number Barcode Date last seen Price effective from Koha item type
    Library of Congress Classification   Kabarak, Main Campus Kabarak, Main Campus 17/12/2015   DT365 .R53 c. 1 15573 17/12/2015 17/12/2015 Africana Collection
Designed with assistance from East African Informatics Ltd